Into battle: speeches. (Record no. 552714)
[ view plain ]
| 000 -LEADER | |
|---|---|
| fixed length control field | 00457cam a2200157u 4500 |
| 082 ## - DEWEY DECIMAL CLASSIFICATION NUMBER | |
| Classification number | 942.084 |
| Author Mark | CHU |
| 100 1# - MAIN ENTRY--PERSONAL NAME | |
| Personal name | Churchill, Winston, |
| 9 (RLIN) | 49036 |
| 245 10 - TITLE STATEMENT | |
| Title | Into battle: speeches. |
| 260 ## - PUBLICATION, DISTRIBUTION, ETC. | |
| Place of publication, distribution, etc. | London, |
| Name of publisher, distributor, etc. | Cassell |
| Date of publication, distribution, etc. | [1941] |
| 300 ## - PHYSICAL DESCRIPTION | |
| Extent | viii, 313 p. |
| Other physical details | port. |
| Dimensions | 22 cm. |
| 526 ## - STUDY PROGRAM INFORMATION NOTE | |
| Program name | 0 |
| Interest level | 0 |
| Reading level | 0 |
| Title point value | 942_084000000000000_CHU |
| 650 #0 - SUBJECT ADDED ENTRY--TOPICAL TERM | |
| Topical term or geographic name entry element | MCE |
| 9 (RLIN) | 379 |
| 650 #0 - SUBJECT ADDED ENTRY--TOPICAL TERM | |
| Topical term or geographic name entry element | World War, 1939-1945 |
| Geographic subdivision | Great Britain. |
| 9 (RLIN) | 48588 |
| 700 1# - ADDED ENTRY--PERSONAL NAME | |
| Personal name | Churchill, Randolph S. |
| 9 (RLIN) | 49973 |
| 942 ## - ADDED ENTRY ELEMENTS (KOHA) | |
| Source of classification or shelving scheme | |
| Koha item type | Book |
| Withdrawn status | Lost status | Source of classification or shelving scheme | Damaged status | Not for loan | Permanent Location | Current Location | Shelving location | Date acquired | Total Checkouts | Full call number | Barcode | Date last seen | Price effective from | Koha item type | Source of acquisition |
|---|---|---|---|---|---|---|---|---|---|---|---|---|---|---|---|
| Military College of Engineering (MCE) | Military College of Engineering (MCE) | 01/21/2015 | 942.084 CHU | MCE-ECI.2 | 01/21/2015 | 01/21/2015 | Book | ||||||||
| NUST Law School (NLS) | NUST Law School (NLS) | 02/17/2026 | 942.084 CHU | NLSD-556 | 02/17/2026 | 02/17/2026 | Book | Donated by Mr. Salahuddin Khan Advocate Supreme Court of Pakistan |
